[Event "Cappelle op 30th"]
[Site "Cappelle la Grande"]
[Date "2014.03.06"]
[Round "7"]
[White "Manne, Jean Luc"]
[Black "Rendboe, John Filip"]
[Result "0-1"]
[WhiteElo "1891"]
[BlackElo "2173"]
[PlyCount "74"]
[EventDate "2014.03.01"]
[EventType "swiss"]
[EventRounds "9"]
[EventCountry "FRA"]
[SourceTitle "CBM 159 Extra"]
[Source "ChessBase"]
[SourceDate "2014.04.24"]
[SourceVersion "1"]
[SourceVersionDate "2014.04.24"]
[SourceQuality "1"]

1. e4 c5 2. Nc3 Nc6 3. g3 g6 4. Bg2 Bg7 5. f4 d6 6. Nf3 e6 7. 0-0 Nge7 8. h3 0-0 9. g4 f5 10. exf5 exf5 11. g5 d5 12. d3 d4 13. Ne2 Nd5 14. h4 Re8 15. h5 Qd6 16. hxg6 hxg6 17. Nh4 Ne3 18. Bxe3 Rxe3 19. Bf3 Bd7 20. Ng2 Ree8 21. Re1 Be6 22. Kf2 Rab8 23. Qd2 b5 24. b3 Ne7 25. a4 a6 26. axb5 axb5 27. Ra7 c4 28. bxc4 bxc4 29. Rea1 cxd3 30. cxd3 Nd5 31. R1a6 Qb4 32. Qd1 Nc3 33. Qh1 Bf7 34. Rf6 Bxf6 35. gxf6 Qd6 36. Qh6 Qxf6 37. Nxc3 dxc3 0-1